| 000 | 00868cam a22001935a 4500 | ||
|---|---|---|---|
| 001 | L156088 | ||
| 008 | 120430s1846 xxk f 000 0 eng d | ||
| 035 | _a(Sirsi) u156088 | ||
| 041 | 0 | _aeng | |
| 100 | 1 |
_aSimms, Frederick Walter _d1803-1865 |
|
| 245 | 0 | 2 |
_aA treatise on the principles and practice of levelling _bshewing its application to purposes of railway engineering and the construction of roads; together with a practical mode of setting out the widths of ground for a railway or canal |
| 250 |
_a3rd ed. _brevised, with additions, with Mr. Law's practical examples for setting out of railway curves |
||
| 260 |
_aLondon _bJohn Weale _c1846 |
||
| 300 |
_avii, 159 p., [7] folded leaves of plates _bill. _c23 cm. |
||
| 583 |
_aCondition reviewed _c20120620 _lcondition level 4 |
||
| 651 | 4 |
_aGreat Britain _y1707- |
|
| 690 |
_aMeasurement _96256 |
||
| 942 | _n0 | ||
| 999 |
_c114023 _d114023 |
||